01227cam a2200289 a 450000100060000000300080000600500170001400800410003103500200007204000320009204100080012408200220013224501040015426000870025830000530034550400290039860000330042765000230046065000300048365000240051370000330053770000290057094200120059999900170061195201580062895201510078630272BD-RjUL20211209051534.0140409s1984 ii cf b 010 0 eng d a(BD-RjUL) 30357 aDLCcDLCdDLCdBD-RjULbeng aeng00a100219bRAT 198400aRationality and philosophy :bessays in honour of Ramachandra Pandeya /cedited by V.K. Bharadwaja. aDelhi :bIndian Bibliographies Bureau and Northern Book Centre, New Delhi,cc1984. ax, 235 p., [1] leaf of plates :bport. ;c23 cm. aIncludes bibliographies.10aPandeya, Ram Chandra.992053 0aPhilosophy.992041 0aPhilosophy, Indic.992042 0aRationalism.9920431 aPandeya, Ram Chandra.9920441 aBharadwaja, V. K.992045 2ddccBK c30272d30272 00102ddc40708NFICaRUCLbRUCLcStackd1997-05-12eDhaka Ahsania Mission Book Houseg168.00l0o100 RAT 1984r2014-04-09 00:00:00tC-2w2014-04-09yBK 00102ddc40718NFICaRUCLbRUCLcReadingd1997-05-12eAhsanian Mission, Dhakag168.00l0o100 RAT 1984r2017-04-18 00:00:00tC-1w2017-04-18yBK